LEADER 00944nam a2200253 i 4500 001 000000077014 003 CaOOAMICUS 005 20080903000000.0 008 080903s2000 it u000 u mul u 013 $a48186 020 $a88-85876-46-3 040 $aSeMil$bita 245 10$aVolume 2. 300 $a397 p. 500 $aContiene : Bibliografia di Luigi Prosdocimi. 650 4$aChiesa - Storia - Età Moderna.$0(OLS)http://semarc/subject/5660 650 4$aChiesa - Storia - Medioevo.$0(OLS)http://semarc/subject/3291 773 0 $tCristianità ed Europa.$dRoma ; Freiburg ; Wien : Herder, 1994-2000.$w()3361 774 0 $tBibliografia di Luigi Prosdocimi.$w()306119 850 $aSeMil 852 $aSeMil$W1$xVenegono$y1$m3A IV 269$j43166$B43166$CSeMilBibl$Z2$F42844 $81 961 $aAcquisto: Herder 996 $6020$a88-85876-46-3$9(OLS)http://semarc/number/58362 996 $6245$aVolume 2$9(OLS)http://semarc/title/11564 LEADER 00716naa a2200157 i 4500 001 000000295496 003 CaOOAMICUS 005 20180831172527.0 008 180831n xx u000 u und u 013 $a2791 040 $aSeMil$bita 100 1 $aGros, Jeffrey <1938- >.$0(OLS)http://semarc/name/48175 245 11$a"Dignitatis Humanae and ecumenism" :$ba foundation and a promise. 650 4$aEcumenismo.$0(OLS)http://semarc/subject/3071 773 0 $tReligious liberty: Paul 6. and Dignitatis Humanae.$dBrescia : Istituto Paolo 6., 1995.$kPubblicazioni dell'Istituto Paolo 6.$z88-382-3727-1$gp.117-148$w()47744 996 $6245$a"Dignitatis Humanae and ecumenism" :$ba foundation and a promise$9(OLS)http://semarc/title/371556 LEADER 01060nam a2200301 i 4500 001 000000112061 003 CaOOAMICUS 005 20260313120939.0 008 030206s1991 gw u000 u ger u 013 $a84745 020 $a3-492-00400-8 040 $aSeMil$bita 100 1 $aKüng, Hans,$d<1928-2021>.$0(OLS)http://semarc/name/175 245 10$a20 Thesen zum Christsein /$cHans Küng. 250 $a6. Aufl. 260 $aMünchen :$bPiper,$c1991. 300 $a75 p. ;$c19 cm. 490 0 $aSerie Piper ;$v100 650 4$aCristianesimo.$0(OLS)http://semarc/subject/425 830 0$aPiper ;$v100.$0(OLS)http://semarc/title/11330 850 $aSeMil 852 $aSeMil$W1$xVenegono$y1$m2D IV 255$j67850$B67850$CSeMilBibl$Z2$F103315 $81 941 1 $a4 961 $aOmaggio: Martini Card. Carlo Maria 996 $6020$a3-492-00400-8$9(OLS)http://semarc/number/94505 996 $6245$a20 Thesen zum Christsein$9(OLS)http://semarc/title/163296 996 $6260$aMünchen :$bPiper$9(OLS)http://semarc/publisher/41066